The teacher evaluation handbook : step-by-step techniques and forms for improving instruction /

Bibliographic Details
Main Author: Manning, Renfro C.
Format: Book
Language:English
Published: Englewood Cliffs, N.J. : Prentice Hall, [1988]
Subjects:

MARC

Tag First Indicator Second Indicator Subfields
LEADER 00000cam a2200000 a 4500
001 in00000032351
005 20151007060504.0
008 880411s1988 njua bf 00110 eng
010 |a  88012500  
020 |a 0138883890 
035 |a (OCoLC)17878060 
035 |9 AAC0973AM 
040 |a DLC  |c DLC  |d TXA  |d UtOrBLW 
043 |a n-us--- 
049 |a TXAM  |c [A11076176] 
050 0 0 |a LB2838  |b .M37 1988 
082 0 |a 371.1/44  |2 19 
100 1 |a Manning, Renfro C. 
245 1 4 |a The teacher evaluation handbook :  |b step-by-step techniques and forms for improving instruction /  |c Renfro C. Manning. 
264 1 |a Englewood Cliffs, N.J. :  |b Prentice Hall,  |c [1988] 
264 4 |c ©1988 
300 |a xix, 186 pages :  |b illustrations ;  |c 29 cm. 
336 |a text  |b txt  |2 rdacontent 
337 |a unmediated  |b n  |2 rdamedia 
338 |a volume  |b nc  |2 rdacarrier 
504 |a Bibliography: pages 177-178. 
500 |a Includes index. 
650 0 |a Teachers  |z United States  |x Rating of  |x Handbooks, manuals, etc. 
999 |a MARS 
999 f f |s 75c0ee89-560f-362b-9e33-c22036eb72e4  |i 489acd28-2e62-3bf3-adee-0ab98d8d4c13  |t 0 
952 f f |p normal  |a Texas A&M University  |b College Station  |c Sterling C. Evans Library  |d Evans: Library Stacks  |t 0  |e LB2838 .M37 1988  |h Library of Congress classification  |i unmediated -- volume  |m A14811076176 
998 f f |a LB2838 .M37 1988  |t 0  |l Evans: Library Stacks